Jules Massenet

Αποθηκεύτηκε σε:
Λεπτομέρειες βιβλιογραφικής εγγραφής
Κύριος συγγραφέας: Coquis, André (Συγγραφέας)
Μορφή: Βιβλίο
Γλώσσα:Γαλλικά
Έκδοση: París Seghers 1965
Σειρά:Musiciens de Tous les Tems
Θέματα:
Ετικέτες: Προσθήκη ετικέτας
Δεν υπάρχουν, Καταχωρήστε ετικέτα πρώτοι!

MARC

LEADER 00000nam a2200000 a 4500
001 UCN1699
003 CL-VaPUC
008 010427e19650000FR |||||||||||||||||fre|d
082 0 4 |a 780.92  |b COQ  |2 21 
100 0 |a Coquis, André  |e author  |9 456990 
245 1 0 |a Jules Massenet 
300 |a 190 p 
942 |c BK 
945 |d 20010427 00:00:00  |a crobeson 
260 |a París  |b Seghers  |c 1965 
600 0 7 |a MASSENET, JULES  |2 CL-VaPUC  |9 456991 
650 0 |a Compositores franceses  |9 328980 
650 0 |a Ópera francesa  |9 306298 
583 |a last modification  |c 20010427 00:00:00  |k Rodrigo Vera 
490 0 |a Musiciens de Tous les Tems 
999 |c 294947  |d 294945